Готовность как результат непрерывной профессиональной подготовки будущих инженеров; Математика в естественнонаучных исследованиях

Dades bibliogràfiques
Parent link:Математика в естественнонаучных исследованиях.— 2014.— [С. 267-270]
Autor principal: Лощилова М. А. Марина Андреевна
Autor corporatiu: Национальный исследовательский Томский политехнический университет (ТПУ) Юргинский технологический институт (филиал) (ЮТИ) Кафедра экономики и автоматизации систем управления (ЭАСУ)
Altres autors: Стрековцова Т. А., Стрековцова Т. А. Татьяна Александровна
Sumari:Заглавие с титульного экрана
Idioma:rus
Publicat: 2014
Col·lecció:Психолого-педагогические аспекты непрерывного математического образования
Matèries:
Accés en línia:http://earchive.tpu.ru/handle/11683/69592
http://www.lib.tpu.ru/fulltext/c/2014/C80/086.pdf
Format: MixedMaterials Electrònic Capítol de llibre
KOHA link:https://koha.lib.tpu.ru/cgi-bin/koha/opac-detail.pl?biblionumber=609220

MARC

LEADER 00000naa2a2200000 4500
001 609220
005 20231102023152.0
035 |a (RuTPU)RU\TPU\conf\6667 
035 |a RU\TPU\conf\6665 
090 |a 609220 
100 |a 20141030d2014 k y0rusy50 ca 
101 0 |a rus 
102 |a RU 
105 |a y z 101zy 
135 |a drgn ---uucaa 
181 0 |a i  
182 0 |a b 
200 1 |a Готовность как результат непрерывной профессиональной подготовки будущих инженеров  |f М. А. Лощилова, Т. А. Стрековцова 
203 |a Текст  |c электронный 
225 1 |a Психолого-педагогические аспекты непрерывного математического образования 
230 |a 1 компьютерный файл (pdf; 278 Кб) 
300 |a Заглавие с титульного экрана 
320 |a [Библиогр.: с. 270 (6 назв.)] 
337 |a Adobe Reader 
463 0 |0 (RuTPU)RU\TPU\conf\6235  |t Математика в естественнонаучных исследованиях  |o сборник трудов Всероссийской научно-практической конференции молодых ученых, аспирантов и студентов, г. Юрга, 9-10 октября 2014 г.  |f Томский политехнический университет (ТПУ), Юргинский технологический институт (ЮТИ) ; ред. кол. О. Б. Березовская и др.  |v [С. 267-270]  |d 2014 
610 1 |a труды учёных ТПУ 
610 1 |a электронный ресурс 
610 1 |a подготовка 
610 1 |a профессиональная подготовка 
610 1 |a инженеры 
700 1 |a Лощилова  |b М. А.  |c специалист в области права  |c старший преподаватель Юргинского технологического института Томского политехнического университета  |f 1983-  |g Марина Андреевна  |2 stltpush  |3 (RuTPU)RU\TPU\pers\30366  |9 14711 
701 1 |a Стрековцова  |b Т. А. 
701 1 |a Стрековцова  |b Т. А.  |c специалист в области инженерной педагогики  |c лаборант Юргинского технологического института Томского политехнического университета  |g Татьяна Александровна  |2 stltpush  |3 (RuTPU)RU\TPU\pers\32930  |9 16778 
712 0 2 |a Национальный исследовательский Томский политехнический университет (ТПУ)  |b Юргинский технологический институт (филиал) (ЮТИ)  |b Кафедра экономики и автоматизации систем управления (ЭАСУ)  |h 360  |2 stltpush  |3 (RuTPU)RU\TPU\col\18900 
801 2 |a RU  |b 63413507  |c 20220216  |g RCR 
856 4 |u http://earchive.tpu.ru/handle/11683/69592 
856 4 |u http://www.lib.tpu.ru/fulltext/c/2014/C80/086.pdf 
942 |c BK